| 000 -ლიდერი |
| ფიქსირებული სიგრძის საკონტროლო ველი |
01501nam a22002417a 4500 |
| 003 - საკონტროლო ნომრის იდენტიფიკატორი |
| საკონტროლო ველი |
Ge_BSU |
| 005 - ბოლო ოპერაციის თარიღი და დრო |
| საკონტროლო ველი |
20230531111255.0 |
| 008 - ფიქსირებული სიგრძის მონაცემთა ელემენტები - ზოგადი ინფორმაცია |
| ფიქსირებული სიგრძის საკონტროლო ველი |
230531s2018ge xxu||||| |||| 00| 0 geo d |
| 020 ## - წიგნის საერთაშორისო სტანდარტული ნომერი |
| International Standard Book Number |
9788378931706 |
| 041 ## - ენის კოდი |
| Language code of text/sound track or separate title |
geo |
| 080 ## - უნივერსალური ათობითი კლასიფიკაციის ინდექსი |
| Universal Decimal Classification number |
81'374.822=351.41=353.1ც-87 |
| 100 ## - მთავარი ჩანაწერი - პიროვნების სახელი |
| Personal name |
ცოცანიძე, გიორგი |
| 9 (RLIN) |
4453 |
| 245 ## - ცნობა სათაურის შესახებ |
| Title |
თუშური დიალექტის კორპუსული ლექსიკონი : |
| Remainder of title |
(ქართული დიალექტრური კორპუსი) / |
| Statement of responsibility, etc |
გიორგი ცოცანიძე, მარინა ბერიძე, რედ.ზაქარია ფურცხვანიძე, რუსუდან ლანდია |
| 264 ## - წარმოების, გამოცემის, დისტრიბუციის და სხვა ცნობები |
| გამოცემის, წარმოების, დისტრიბუციის... სახელწოდება |
Wojnowice, |
| გამოცემის, წარმოების, დისტრიბუციის... თარიღი |
2018. |
| 300 ## - ფიზიკური აღწერა |
| Extent |
463 გვ.: |
| Other physical details |
23 სმ. |
| 653 ## - INDEX TERM--UNCONTROLLED |
| Uncontrolled term |
თუშური დიალექტის კორპუსული ლექსიკონი |
| 653 ## - INDEX TERM--UNCONTROLLED |
| Uncontrolled term |
ლექსიკონი |
| 700 ## - ADDED ENTRY--PERSONAL NAME |
| Personal name |
ბერიძე, მარინა |
| 9 (RLIN) |
18342 |
| 700 ## - ADDED ENTRY--PERSONAL NAME |
| Personal name |
ფურცხვანიძე, ზაქარია |
| Relator term |
რედაქტორი |
| 9 (RLIN) |
2140 |
| 700 ## - ADDED ENTRY--PERSONAL NAME |
| Personal name |
ლანდია, რუსუდან |
| Relator term |
რედაქტორი |
| 9 (RLIN) |
18343 |
| 710 ## - ADDED ENTRY--CORPORATE NAME |
| Corporate name or jurisdiction name as entry element |
სახელმწიფო ენის დეპარტამენტი თსუ არნ. ჩიქობავას სახელობის ენათმეცნიერების ინსტიტუტი |
| 9 (RLIN) |
18344 |
| 942 ## - ADDED ENTRY ELEMENTS (KOHA) |
| Source of classification or shelving scheme |
|
| Koha item type |
წიგნი |